'I Wrote the Book; Hated the Movie!' Quiz Stats

Quiz Updated Nov 10, 2017

Challenge
Share
Tweet
Embed
Score 0/15 Timer 07:00
12 Plays Today
% Correct
Roald Dahl (Charlie and the Chocolate Factory)
93.8%
Truman Capote (Breakfast at Tiffany's)
92%
Rick Riordan (Percy Jackson & the Olympians)
91.7%
Stephen King (The Shining)
90.9%
J. D. Salinger (Uncle Wiggly in Connecticut)
88.3%
Lothar-Gunther Buchheim (Das Boot)
85%
P. L. Travers (Mary Poppins)
84.1%
Michael Ende (The Neverending Story)
78.9%
% Correct
Anthony Burgess (A Clockwork Orange)
75.6%
Anne Rice (Interview with the Vampire)
70.6%
Alan Moore (V for Vendetta)
68.9%
Ken Kesey (One Flew Over the Cuckoo's Nest)
63.1%
Winston Groom (Forrest Gump)
59.2%
E. B. White (Charlotte's Web)
50.8%
Tennessee Williams (Cat on a Hot Tin Roof)
50.2%

You're not logged in!

Compare scores with friends on all Sporcle quizzes.
Sign Up with Email
OR
Log In

You Might Also Like...

Show Comments

Extras

Top Quizzes Today


Score Distribution

Your Account Isn't Verified!

In order to create a playlist on Sporcle, you need to verify the email address you used during registration. Go to your Sporcle Settings to finish the process.

Report this User

Report this user for behavior that violates our Community Guidelines.

Details: